000 00891nam a2200253 a 4500
999 _c4150
_d4150
005 20180209102941.0
008 140314b2002 mx ||||| |||| 00| 0 spa d
040 _aCO-BoIAVH
_cCO-BoIAVH
041 _aspa
044 _amx
082 4 _a346.048
_bL85a
100 1 _aLonghorn, Roger A.
_eautor
245 1 _aAspectos jurídico-legales del uso de datos y herramientas geoespaciales en la agricultura y en el manejo de los recursos naturales:
_bmanual de conceptos básicos
260 _aMéxico:
_bCIMMYT,
_c2002.
300 _a44 paginas.
_bilustraciones.;
_c27 x 21 cm
650 4 _aPatentes
650 4 _aLicencias
650 4 _aProteccion
_vBases de datos.
650 4 _aDerechos de autor
700 1 _aHenson-Apollonio, Victoria
_eautora
700 1 _aWhite, Jeffrey W.
_eautor
942 _cLIBRO
_2ddc
945 _d2004-09-15